Indonesia, ASEAN and non-intervention : sovereignty, decentralization and regional leadership issues in the management of the Southeast Asian haze /
Saved in:
| Main Author: | |
|---|---|
| Format: | Thesis Book |
| Language: | English |
| Published: |
2008.
|
| Subjects: | |
| Tags: |
Add Tag
No Tags, Be the first to tag this record!
|
| LEADER | 01392cam a2200325 a 4500 | ||
|---|---|---|---|
| 001 | u764270 | ||
| 003 | SIRSI | ||
| 005 | 200901141642 | ||
| 008 | 090114s2008 at a v 000 0 eng | ||
| 040 | |a UMM | ||
| 043 | |a a-io--- |a as----- | ||
| 090 | |a DS526.7 |b Helmv | ||
| 100 | 0 | |a Helena Muhamad Varkkey. | |
| 245 | 1 | 0 | |a Indonesia, ASEAN and non-intervention : |b sovereignty, decentralization and regional leadership issues in the management of the Southeast Asian haze / |c Helena Muhamad Varkkey. |
| 260 | |c 2008. | ||
| 300 | |a [2] 52 leaves : |b ill. ; |c 30 cm. | ||
| 500 | |a Supervisor: Dr. Charlotte Epstein. | ||
| 502 | |a Dissertation (M.International Studies) -- Department of Government and International Relations, Faculty of Economics and Business, University of Sydney, 2008. | ||
| 504 | |a Bibliography: leaves 46-52 | ||
| 650 | 0 | |a Regionalism |z Southeast Asia. | |
| 650 | 0 | |a Security, International |x International cooperation. | |
| 650 | 0 | |a Sovereignty |z Southeast Asia. | |
| 650 | 0 | |a Haze |x Environmental aspects |z Southeast Asia. | |
| 650 | 0 | |a Smoke |x Environmental aspects |z Southeast Asia. | |
| 650 | 0 | |a Forest fires |z Indonesia. | |
| 651 | 0 | |a Indonesia |x Foreign relations |z ASEAN countries. | |
| 710 | 2 | 0 | |a University of Sydney. |
| 900 | |a ZA | ||
| 596 | |a 1 | ||
| 999 | |a DS526.7 HELMV |w LC |c 1 |i A513257442 |d 13/3/2023 |e 13/3/2023 |f 20/10/2014 |g 1 |l STACKS |m P01UTAMA |n 2 |r Y |s Y |t TESIS |u 16/10/2014 | ||
